[Event "V Floripa Chess Open 2019"]
[Site "Florianopolis/SC"]
[Date "2019.01.24"]
[Round "5.110"]
[White "Farias, Edilsom"]
[Black "Melo, Danieli De"]
[Result "1-0"]
[WhiteElo "1892"]
[BlackElo "1638"]
[PlyCount "75"]
[EventDate "2019.01.21"]
[EventRounds "10"]
[EventCountry "BRA"]

1. d4 Nf6 2. c4 e5 3. dxe5 Ng4 4. Bf4 g5 5. Bg3 Bg7 6. Nf3 Nc6 7. Nc3 Ngxe5 8. Nxe5 Nxe5 9. e3 d6 10. Qd2 Be6 11. b3 Qf6 12. Rc1 O-O 13. Be2 Qe7 14. Nd5 Bxd5 15. Qxd5 c6 16. Qd2 Rad8 17. O-O d5 18. c5 f5 19. h3 Rf7 20. Rfe1 Qf6 21. Bxe5 Qxe5 22. Qa5 Qb8 23. b4 d4 24. Bc4 Rdd7 25. Rcd1 Kf8 26. Bxf7 Kxf7 27. Qa4 f4 28. exd4 Bxd4 29. Qb3+ Kf8 30. Qe6 Qd8 31. Qf5+ Kg7 32. Kf1 Rd5 33. Qe6 Bf6 34. Rxd5 cxd5 35. Qd6 d4 36. Qxd8 Bxd8 37. Re6 Bf6 38. Rd6 1-0

[Event "V Floripa Chess Open 2019"]
[Site "Florianopolis/SC"]
[Date "2019.01.24"]
[Round "5.111"]
[White "Cordeiro, Yan Henrique"]
[Black "Vieira, Rodrigo Chagas"]
[Result "1/2-1/2"]
[WhiteElo "1631"]
[BlackElo "1892"]
[PlyCount "50"]
[EventDate "2019.01.21"]
[EventRounds "10"]
[EventCountry "BRA"]

1. d4 d6 2. Nf3 g6 3. Bf4 Bg7 4. e3 Nf6 5. c3 O-O 6. h3 Nbd7 7. Nbd2 c5 8. Be2 cxd4 9. exd4 Nd5 10. Bh2 e5 11. Nc4 e4 12. Nfd2 e3 13. Nxe3 Nxe3 14. fxe3 Qh4+ 15. Kf1 Qe7 16. e4 f5 17. exf5 Rxf5+ 18. Bf3 Nb6 19. Qe1 Qf8 20. Kg1 Bd7 21. Bg3 Re8 22. Qd1 Re3 23. Kh2 Rfxf3 24. Nxf3 Bc6 25. Rf1 Qf5 1/2-1/2

[Event "V Floripa Chess Open 2019"]
[Site "Florianopolis/SC"]
[Date "2019.01.24"]
[Round "5.112"]
[White "Felix, Luiza De Oliveira"]
[Black "Souza Dos Santos, Matheus Garcett"]
[Result "0-1"]
[WhiteElo "1630"]
[BlackElo "1891"]
[PlyCount "68"]
[EventDate "2019.01.21"]
[EventRounds "10"]
[EventCountry "BRA"]

1. c4 e5 2. Nc3 f5 3. g3 Nf6 4. d3 d6 5. Bg2 c6 6. Nf3 Be7 7. Rb1 a5 8. a3 O-O 9. b4 axb4 10. axb4 Nbd7 11. Ng5 Nb6 12. Qb3 h6 13. b5 c5 14. Nf3 Be6 15. Nh4 Qe8 16. Bxb7 Rb8 17. Bc6 Nfd7 18. Nf3 g5 19. h4 g4 20. Bxh6 gxf3 21. Bxf8 Bxf8 22. Bxf3 e4 23. dxe4 Bxc4 24. Qb2 Bg7 25. Qd2 Bxc3 26. Qxc3 fxe4 27. Bg4 Ne5 28. Qc1 Qg6 29. Bh3 e3 30. h5 exf2+ 31. Kxf2 Rf8+ 32. Ke1 Qxg3+ 33. Kd2 Rf2 34. Be6+ Bxe6 0-1

[Event "V Floripa Chess Open 2019"]
[Site "Florianopolis/SC"]
[Date "2019.01.24"]
[Round "5.113"]
[White "Frankental, David"]
[Black "De Souza, Lucio Teixeira"]
[Result "1-0"]
[WhiteElo "1886"]
[BlackElo "1626"]
[PlyCount "111"]
[EventDate "2019.01.21"]
[EventRounds "10"]
[EventCountry "BRA"]

1. d4 Nf6 2. c4 e6 3. Nc3 Bb4 4. Nf3 Bxc3+ 5. bxc3 O-O 6. e3 b6 7. Bd3 Bb7 8. Qe2 d5 9. cxd5 exd5 10. Bb2 Nbd7 11. c4 Re8 12. O-O Ne4 13. cxd5 Bxd5 14. Qc2 Bb7 15. Ne5 Ndf6 16. Bb5 Rf8 17. Ba3 c5 18. dxc5 Nxc5 19. Bxc5 Qd5 20. Nf3 bxc5 21. Rfd1 Qh5 22. Be2 Rac8 23. Ne1 Qg6 24. Qxg6 hxg6 25. Rac1 Rfe8 26. Rd2 Ne4 27. Rdc2 Bd5 28. Bf3 Nf6 29. Bxd5 Nxd5 30. Rxc5 Nb6 31. Rxc8 Rxc8 32. Rxc8+ Nxc8 33. Kf1 f6 34. Ke2 Nb6 35. Kd3 Kf7 36. Kd4 Ke6 37. Kc5 Kd7 38. Nd3 Kc7 39. Nf4 Nd7+ 40. Kd5 a5 41. Ne6+ Kb6 42. a4 Ne5 43. Nxg7 Nd3 44. Ne8 Nc5 45. Nxf6 Nxa4 46. e4 Kb5 47. e5 Nc5 48. Ne4 Na6 49. Kd6 Nb4 50. e6 Nc6 51. Nc3+ Kb6 52. e7 Nxe7 53. Kxe7 Kc5 54. Kf6 Kc4 55. Nb1 a4 56. Kxg6 1-0

[Event "V Floripa Chess Open 2019"]
[Site "Florianopolis/SC"]
[Date "2019.01.24"]
[Round "5.114"]
[White "Bonvini, Alberto Tonhati"]
[Black "Wilberger, Marcelo"]
[Result "1-0"]
[WhiteElo "1880"]
[BlackElo "1617"]
[PlyCount "65"]
[EventDate "2019.01.21"]
[EventRounds "10"]
[EventCountry "BRA"]

1. e4 e5 2. Nf3 Nc6 3. Bb5 a6 4. Ba4 Nf6 5. O-O Be7 6. Re1 b5 7. Bb3 d6 8. c3 O-O 9. d3 Na5 10. Bc2 c5 11. h3 Nc6 12. Nbd2 h6 13. Nf1 Re8 14. Ng3 Be6 15. Nh2 d5 16. Ng4 Nxg4 17. hxg4 d4 18. Nf5 Bf8 19. g3 g6 20. Nxh6+ Bxh6 21. Bxh6 g5 22. Qd2 f6 23. f4 exf4 24. gxf4 Kh7 25. Qh2 Rh8 26. e5 Kg8 27. exf6 Qxf6 28. fxg5 Qg6 29. Qd6 Bf7 30. Qxg6+ Bxg6 31. Re6 Be8 32. Rf1 Rc8 33. Ref6 1-0

[Event "V Floripa Chess Open 2019"]
[Site "Florianopolis/SC"]
[Date "2019.01.24"]
[Round "5.115"]
[White "Sato, Leticia Miho"]
[Black "Belmonte, Adriel"]
[Result "1/2-1/2"]
[WhiteElo "1613"]
[BlackElo "1879"]
[PlyCount "65"]
[EventDate "2019.01.21"]
[EventRounds "10"]
[EventCountry "BRA"]

1. d4 Nf6 2. Nf3 g6 3. Bf4 Bg7 4. h3 O-O 5. e3 d6 6. Be2 c5 7. c3 Nbd7 8. Nbd2 a6 9. a4 b6 10. O-O Bb7 11. Qb3 h6 12. Nc4 Bd5 13. Rfb1 Ne4 14. Rd1 f5 15. dxc5 Nexc5 16. Qa2 Bf7 17. Qb1 Qc8 18. Ncd2 Nb3 19. Ra3 Na5 20. Bh2 e5 21. e4 Be6 22. Nh4 Qe8 23. exf5 gxf5 24. Nhf3 Bf6 25. Kh1 Qf7 26. Nf1 Nb7 27. Ne3 Be7 28. b4 Kh8 29. c4 a5 30. Nd5 axb4 31. Qxb4 Bxd5 32. cxd5 Na5 33. Qe1 1/2-1/2

[Event "V Floripa Chess Open 2019"]
[Site "Florianopolis/SC"]
[Date "2019.01.24"]
[Round "5.116"]
[White "Leon Lopes, Sergio Amadeus"]
[Black "Souza, Neurismar Da Rocha"]
[Result "1-0"]
[WhiteElo "1879"]
[BlackElo "1612"]
[PlyCount "49"]
[EventDate "2019.01.21"]
[EventRounds "10"]
[EventCountry "BRA"]

1. e4 e5 2. Nf3 Nc6 3. d4 exd4 4. Nxd4 g6 5. Bc4 Bg7 6. Be3 Nf6 7. f3 O-O 8. Nc3 Na5 9. Be2 d6 10. Qd2 Be6 11. Nxe6 fxe6 12. O-O-O a6 13. Bh6 Bxh6 14. Qxh6 b5 15. e5 Ne8 16. h4 Nc6 17. h5 g5 18. Qxe6+ Rf7 19. Bd3 Nxe5 20. Bg6 hxg6 21. hxg6 Nxg6 22. Qxg6+ Rg7 23. Qe6+ Rf7 24. Rh8+ Kxh8 25. Qxf7 1-0

[Event "V Floripa Chess Open 2019"]
[Site "Florianopolis/SC"]
[Date "2019.01.24"]
[Round "5.117"]
[White "Kikuchi Cadilhac, Mariana Sawae"]
[Black "Resende, Lucas B. Massucato"]
[Result "1/2-1/2"]
[WhiteElo "1610"]
[BlackElo "1876"]
[PlyCount "80"]
[EventDate "2019.01.21"]
[EventRounds "10"]
[EventCountry "BRA"]

1. e4 e6 2. d4 d5 3. Nd2 Nf6 4. e5 Nfd7 5. Bd3 c5 6. c3 Nc6 7. Ne2 cxd4 8. cxd4 f6 9. exf6 Nxf6 10. Nf3 Bd6 11. O-O Qc7 12. Nc3 a6 13. Bd2 O-O 14. Rc1 Qb8 15. Na4 Ne4 16. Be3 Bd7 17. Nb6 Be8 18. Nxa8 Bh5 19. Be2 Qxa8 20. Nd2 Bg6 21. Nxe4 Bxe4 22. Bd3 Qb8 23. Bxe4 Bxh2+ 24. Kh1 dxe4 25. Qg4 Bd6 26. Qxe6+ Kh8 27. Qxe4 Qd8 28. g3 Re8 29. Qd3 Qa5 30. a3 Qd5+ 31. Kh2 Ne5 32. Qd1 Nf3+ 33. Kh3 Rf8 34. Bf4 Qh5+ 35. Kg2 Rxf4 36. Rh1 Qg4 37. Qc2 Ng5 38. Qc8+ Bf8 39. Qxg4 Rxg4 40. Rc8 Kg8 1/2-1/2

[Event "V Floripa Chess Open 2019"]
[Site "Florianopolis/SC"]
[Date "2019.01.24"]
[Round "5.118"]
[White "Klein, Luan Carlos"]
[Black "Zampier, Alexandre"]
[Result "1-0"]
[WhiteElo "1875"]
[BlackElo "1610"]
[PlyCount "55"]
[EventDate "2019.01.21"]
[EventRounds "10"]
[EventCountry "BRA"]

1. e4 d5 2. exd5 Qxd5 3. Nc3 Qa5 4. Bc4 c6 5. d3 Nf6 6. Nge2 Bg4 7. O-O e6 8. f3 Bf5 9. Ng3 Bc5+ 10. Kh1 Bd6 11. f4 O-O 12. Bd2 Qc5 13. Na4 Bxd3 14. Nxc5 Bxc4 15. Nd3 Nbd7 16. b3 Bd5 17. c4 Be4 18. Nxe4 Nxe4 19. Qe2 f5 20. Rac1 Ndf6 21. Bc3 Ng4 22. Rf3 Rad8 23. h3 Ba3 24. Rc2 Rxd3 25. Qxd3 Ngf6 26. h4 c5 27. Bxf6 Bb4 28. Be5 1-0

[Event "V Floripa Chess Open 2019"]
[Site "Florianopolis/SC"]
[Date "2019.01.24"]
[Round "5.119"]
[White "Leffeck, Mateus Bernal"]
[Black "Cordioli, Jairo Ribeiro"]
[Result "0-1"]
[WhiteElo "1604"]
[BlackElo "1872"]
[PlyCount "60"]
[EventDate "2019.01.21"]
[EventRounds "10"]
[EventCountry "BRA"]

1. d4 Nf6 2. c4 g6 3. Nc3 Bg7 4. e4 d6 5. f3 O-O 6. Be3 b6 7. Bd3 c5 8. Nge2 Nc6 9. O-O e5 10. dxe5 dxe5 11. Nd5 Nxd5 12. exd5 Nd4 13. Rb1 f5 14. b4 Nxe2+ 15. Qxe2 cxb4 16. Rxb4 Qd6 17. Rfb1 e4 18. fxe4 fxe4 19. Bxe4 Bf5 20. Bxf5 Rxf5 21. Qd3 Be5 22. h3 Rc8 23. Rb5 Rf7 24. Bd4 Bxd4+ 25. Qxd4 Rf4 26. Qe3 Rfxc4 27. Re1 R4c5 28. Rxc5 Qxc5 29. Kf2 Qxe3+ 30. Rxe3 Rc2+ 0-1

[Event "V Floripa Chess Open 2019"]
[Site "Florianopolis/SC"]
[Date "2019.01.24"]
[Round "5.120"]
[White "Cardozo, Matheus Santos"]
[Black "Salvadego, Erika Giovana De O."]
[Result "1/2-1/2"]
[WhiteElo "1869"]
[BlackElo "1603"]
[PlyCount "67"]
[EventDate "2019.01.21"]
[EventRounds "10"]
[EventCountry "BRA"]

1. d4 d5 2. c4 e6 3. Nf3 Nf6 4. Nc3 Be7 5. Bf4 O-O 6. e3 c5 7. Be2 Nc6 8. O-O h6 9. Rc1 b6 10. Qd2 Bb7 11. Rfd1 dxc4 12. Bxc4 cxd4 13. exd4 Na5 14. Be2 Nd5 15. Bg3 Rc8 16. Nxd5 Bxd5 17. Rxc8 Qxc8 18. Rc1 Qd7 19. Rc7 Qd8 20. Bb5 Bf6 21. Rd7 Qa8 22. Be2 Rd8 23. Rc7 Rc8 24. Qc3 Nc6 25. Rxc8+ Qxc8 26. Ne5 Qb7 27. Bb5 Nxe5 28. dxe5 Be7 29. Bf1 Bxa2 30. h3 Bd5 31. f3 Qc6 32. Qd2 Bc5+ 33. Kh1 Kf8 34. b4 1/2-1/2

[Event "V Floripa Chess Open 2019"]
[Site "Florianopolis/SC"]
[Date "2019.01.24"]
[Round "5.121"]
[White "Filho, Marcelo Adriano Nun"]
[Black "Zampronha, Vitor Luis"]
[Result "0-1"]
[WhiteElo "1866"]
[BlackElo "1593"]
[PlyCount "117"]
[EventDate "2019.01.21"]
[EventRounds "10"]
[EventCountry "BRA"]

1. d4 Nf6 2. e3 g6 3. Bd3 Bg7 4. Ne2 O-O 5. Ng3 d6 6. h4 e5 7. dxe5 dxe5 8. Nc3 Re8 9. e4 Nc6 10. h5 Bg4 11. f3 Bxh5 12. Bg5 Qd6 13. Bxf6 Qxf6 14. Nxh5 gxh5 15. Rxh5 Qg6 16. g4 Nd4 17. Nd5 Ne6 18. Kf2 Nf4 19. Qh1 Nxh5 20. gxh5 Qc6 21. Rg1 Kh8 22. Ke2 Qd6 23. Ne3 Rg8 24. Nf5 Qf6 25. h6 Bf8 26. Rxg8+ Kxg8 27. Bc4 Rd8 28. Qh3 Qg5 29. Qg4 Rd2+ 30. Ke1 Qxg4 31. fxg4 Rxc2 32. Bb3 Rxb2 33. Kf1 Rh2 34. Kg1 Re2 35. Ng3 Bc5+ 36. Kh1 Re1+ 37. Kg2 Bf8 38. Kf2 Rc1 39. g5 Be7 40. g6 hxg6 41. h7+ Kxh7 42. Ne2 Bh4+ 43. Kg2 Re1 44. Nc3 Re3 45. Nd5 Rxe4 46. Nxc7 f5 47. Ne6 Re2+ 48. Kf3 Rf2+ 49. Ke3 f4+ 50. Ke4 Re2+ 51. Kf3 Re3+ 52. Kg2 f3+ 53. Kh3 f2+ 54. Kg2 Re1 55. Bc4 Rg1+ 56. Kh3 g5 57. a4 f1=Q+ 58. Bxf1 Rxf1 59. a5 0-1

[Event "V Floripa Chess Open 2019"]
[Site "Florianopolis/SC"]
[Date "2019.01.24"]
[Round "5.122"]
[White "Pereira Fo, Hildebrando Apoloni"]
[Black "Dos Santos, Dwlyan Silva"]
[Result "1/2-1/2"]
[WhiteElo "1595"]
[BlackElo "1846"]
[PlyCount "75"]
[EventDate "2019.01.21"]
[EventRounds "10"]
[EventCountry "BRA"]

1. c4 e5 2. Nc3 Nf6 3. d3 d5 4. cxd5 Nxd5 5. Nf3 Nc6 6. g3 Be6 7. Bg2 Nb6 8. O-O Bd6 9. Ng5 Bd7 10. Nb5 O-O 11. Nxd6 cxd6 12. Ne4 Qe7 13. a3 d5 14. Nc3 d4 15. Ne4 f5 16. Bg5 Qf7 17. Nc5 h6 18. Bd2 Be6 19. Rc1 Bd5 20. e4 dxe3 21. fxe3 Bxg2 22. Kxg2 Rad8 23. Qe2 Nd5 24. Rf2 Rd6 25. e4 Nd4 26. Qf1 Nf6 27. h3 b6 28. Na4 Qd7 29. Bb4 fxe4 30. dxe4 Rc6 31. Bxf8 Rxc1 32. Qxc1 Qxa4 33. Bd6 Nxe4 34. Qc8+ Kh7 35. Bxe5 Nxf2 36. Bxd4 Qxd4 37. Qf5+ Kg8 38. Qxf2 1/2-1/2

[Event "V Floripa Chess Open 2019"]
[Site "Florianopolis/SC"]
[Date "2019.01.24"]
[Round "5.123"]
[White "De Oliveira, Luca Manoel"]
[Black "Alves, Josue Pires"]
[Result "0-1"]
[WhiteElo "1593"]
[BlackElo "1841"]
[PlyCount "32"]
[EventDate "2019.01.21"]
[EventRounds "10"]
[EventCountry "BRA"]

1. e4 d5 2. exd5 Qxd5 3. Nc3 Qe6+ 4. Qe2 Nc6 5. Nf3 Nb4 6. Kd1 Qg6 7. Qb5+ Nc6 8. h3 a6 9. Qg5 Bf5 10. d3 O-O-O 11. Qxg6 hxg6 12. Bf4 f6 13. Kd2 e5 14. Be3 Bb4 15. a3 e4 16. Be2 Bxc3+ 0-1

[Event "V Floripa Chess Open 2019"]
[Site "Florianopolis/SC"]
[Date "2019.01.24"]
[Round "5.124"]
[White "De Haro, Martim Afonso Palma"]
[Black "Romais, Rodrigo"]
[Result "1-0"]
[WhiteElo "1837"]
[BlackElo "1591"]
[PlyCount "109"]
[EventDate "2019.01.21"]
[EventRounds "10"]
[EventCountry "BRA"]

1. e4 e6 2. d4 d5 3. Nc3 Nf6 4. Bg5 dxe4 5. Nxe4 Be7 6. Bxf6 gxf6 7. Nf3 f5 8. Ng3 h5 9. h4 Bf6 10. c3 b6 11. Bb5+ Bd7 12. Bxd7+ Qxd7 13. Qe2 Qe7 14. O-O-O Nd7 15. d5 Nc5 16. Qb5+ Kf8 17. Rhe1 Rd8 18. Nxf5 Qd7 19. Qxd7 Rxd7 20. dxe6 Rxd1+ 21. Rxd1 fxe6 22. N5d4 Kf7 23. Nc6 a5 24. g3 Rg8 25. Kc2 Ne4 26. Rd7+ Kg6 27. Rxc7 Kf5 28. Nfd4+ Bxd4 29. Nxd4+ Kf6 30. Rc6 Nxf2 31. Rxe6+ Kf7 32. Re5 Nh1 33. Rxh5 Nxg3 34. Rb5 Ne4 35. Rxb6 Rg2+ 36. Kb3 Rh2 37. Nf5 Nd2+ 38. Ka4 Nc4 39. Nd6+ Nxd6 40. Rxd6 Rxb2 41. a3 Rh2 42. Rd4 Rh3 43. c4 Ke6 44. c5 Ke5 45. Rg4 Kd5 46. Rg5+ Kc6 47. h5 Kb7 48. Kxa5 Rxa3+ 49. Kb5 Rb3+ 50. Kc4 Rb1 51. h6 Rc1+ 52. Kd5 Rd1+ 53. Ke6 Re1+ 54. Kf6 Rh1 55. Kg7 1-0

[Event "V Floripa Chess Open 2019"]
[Site "Florianopolis/SC"]
[Date "2019.01.24"]
[Round "5.125"]
[White "Jodorcovsky, Alejandro David"]
[Black "Valcarcel, Victor Ignacio Sant"]
[Result "0-1"]
[WhiteElo "1577"]
[BlackElo "1837"]
[PlyCount "48"]
[EventDate "2019.01.21"]
[EventRounds "10"]
[EventCountry "BRA"]

1. e4 e5 2. Nf3 d6 3. Bc4 Be7 4. Nc3 Nc6 5. h3 Na5 6. Bb3 Nxb3 7. axb3 f5 8. d3 Nf6 9. Qe2 O-O 10. O-O Qe8 11. d4 fxe4 12. Nxe4 exd4 13. Nxd4 d5 14. Ng5 Bc5 15. Qxe8 Rxe8 16. Nb5 Bb6 17. Bf4 c6 18. Nd6 Re2 19. Rac1 h6 20. Nf3 Ne4 21. Nxe4 dxe4 22. Nd2 Be6 23. Rce1 Bxf2+ 24. Rxf2 Rxe1+ 0-1

[Event "V Floripa Chess Open 2019"]
[Site "Florianopolis/SC"]
[Date "2019.01.24"]
[Round "5.126"]
[White "Pereira, Thales Oliveira"]
[Black "Nunes, Guilherme Sacardo T"]
[Result "0-1"]
[WhiteElo "1836"]
[BlackElo "1572"]
[PlyCount "20"]
[EventDate "2019.01.21"]
[EventRounds "10"]
[EventCountry "BRA"]

1. e4 e6 2. d3 d5 3. Qe2 Nf6 4. Nf3 dxe4 5. dxe4 b6 6. g3 Ba6 7. c4 Bb7 8. e5 Ne4 9. a3 Nc5 10. Nbd2 Nc6 0-1

[Event "V Floripa Chess Open 2019"]
[Site "Florianopolis/SC"]
[Date "2019.01.24"]
[Round "5.127"]
[White "Belmonte, Dulce"]
[Black "Schena, Arthur"]
[Result "0-1"]
[WhiteElo "1570"]
[BlackElo "1831"]
[PlyCount "63"]
[EventDate "2019.01.21"]
[EventRounds "10"]
[EventCountry "BRA"]

1. d4 Nf6 2. c4 g6 3. g3 Bg7 4. Bg2 O-O 5. Nf3 d6 6. Nc3 Nbd7 7. O-O e5 8. e4 exd4 9. Nxd4 Re8 10. Re1 a5 11. Ndb5 Ne5 12. Nd5 Nxd5 13. cxd5 Bg4 14. f3 Bd7 15. Nc3 a4 16. a3 b5 17. Qc2 Qb8 18. Be3 Nc4 19. Bf2 b4 20. axb4 Qxb4 21. Na2 Qb3 22. Qe2 Bxb2 23. Nc1 Qb5 24. Ra2 a3 25. Bf1 Ra4 26. Qc2 Rb8 27. Rd1 Qa6 28. Nb3 Rab4 29. Nd4 Ba4 30. Qd3 Bxd1 31. Ne6 Bb3 32. Nxc7 0-1

[Event "V Floripa Chess Open 2019"]
[Site "Florianopolis/SC"]
[Date "2019.01.24"]
[Round "5.128"]
[White "Gomes, Carlos"]
[Black "Andrade, Leo Pasqualini De"]
[Result "1/2-1/2"]
[WhiteElo "1562"]
[BlackElo "1828"]
[PlyCount "59"]
[EventDate "2019.01.21"]
[EventRounds "10"]
[EventCountry "BRA"]

1. e4 c5 2. Nf3 d6 3. d4 cxd4 4. Nxd4 Nf6 5. Nc3 g6 6. Be2 Bg7 7. O-O O-O 8. Kh1 Nc6 9. Nb3 Na5 10. f3 Be6 11. Nxa5 Qxa5 12. Bd3 Rac8 13. Bd2 Qh5 14. Ne2 Bc4 15. Nf4 Qb5 16. Bxc4 Qxc4 17. c3 d5 18. exd5 Nxd5 19. Nxd5 Qxd5 20. Be3 Rfd8 21. Qxd5 Rxd5 22. Rad1 Rcd8 23. Rxd5 Rxd5 24. Kg1 b6 25. Kf2 Be5 26. g3 Kf8 27. Ke2 Ke8 28. Rd1 Rxd1 29. Kxd1 Kd7 30. Kc2 1/2-1/2

[Event "V Floripa Chess Open 2019"]
[Site "Florianopolis/SC"]
[Date "2019.01.24"]
[Round "5.129"]
[White "Menezes, Jose Eduardo Carnei"]
[Black "Colaco, Willian Wagner Soar"]
[Result "1-0"]
[WhiteElo "1827"]
[BlackElo "1561"]
[PlyCount "205"]
[EventDate "2019.01.21"]
[EventRounds "10"]
[EventCountry "BRA"]

1. e4 e5 2. Nf3 d6 3. d4 Bg4 4. dxe5 Bxf3 5. gxf3 dxe5 6. Qxd8+ Kxd8 7. Bc4 f6 8. Nc3 c6 9. Be3 Kc7 10. O-O-O b6 11. f4 Nd7 12. Rhg1 g6 13. Rd2 Rd8 14. Rgd1 Be7 15. Be6 Nf8 16. Rxd8 Bxd8 17. Bh3 h6 18. Ne2 g5 19. fxe5 fxe5 20. Bd2 Rh7 21. Bc3 Bf6 22. Ng3 a5 23. Nf5 Rd7 24. Ne3 Rxd1+ 25. Kxd1 h5 26. a4 Ne7 27. Bf1 Ne6 28. Be2 Nc5 29. Bxh5 Nxe4 30. Be1 Nd5 31. Bf3 Nxe3+ 32. fxe3 Nc5 33. b3 e4 34. Bg4 Be5 35. h3 Kd6 36. Be2 Ne6 37. Bg4 Ng7 38. b4 axb4 39. Bxb4+ c5 40. Be1 Ne8 41. c4 Nf6 42. Bf5 Bb2 43. Kc2 Be5 44. Kb3 Bh2 45. a5 bxa5 46. Bxa5 Bg1 47. Bc3 Ke7 48. Bd2 Nh5 49. Bxe4 Ng3 50. Bd3 Kf6 51. Bc3+ Ke6 52. e4 Be3 53. Ka4 Nh5 54. Be2 Nf6 55. Bg4+ Nxg4 56. hxg4 Bd4 57. Bxd4 cxd4 58. c5 Ke5 59. Kb4 Kxe4 60. c6 d3 61. c7 d2 62. c8=Q d1=Q 63. Qf5+ Ke3 64. Qxg5+ Kf3 65. Qf5+ Kg3 66. g5 Qd4+ 67. Kb5 Kh4 68. g6 Qc3 69. Kb6 Qb4+ 70. Kc6 Qc4+ 71. Kd7 Qd4+ 72. Ke6 Qb6+ 73. Kf7 Qb3+ 74. Kg7 Qb7+ 75. Qf7 Qe4 76. Qf6+ Kh5 77. Kf7 Qd5+ 78. Kf8 Qc5+ 79. Kg8 Qd5+ 80. Qf7 Qd8+ 81. Kh7 Qd3 82. Qg7 Qe3 83. Qf8 Qe4 84. Qh6+ Kg4 85. Qh2 Kg5 86. Qg3+ Kh5 87. Qh3+ Kg5 88. Qh6+ Kf6 89. Qf8+ Kg5 90. Qc5+ Kg4 91. Kg7 Qb7+ 92. Kh8 Qh1+ 93. Kg8 Qa8+ 94. Qf8 Qd5+ 95. Qf7 Qd8+ 96. Kh7 Qh4+ 97. Kg7 Qd8 98. Qe6+ Kg5 99. Kh7 Qc7+ 100. g7 Qh2+ 101. Kg8 Qb8+ 102. Kf7 Qc7+ 103. Qe7+ 1-0

[Event "V Floripa Chess Open 2019"]
[Site "Florianopolis/SC"]
[Date "2019.01.24"]
[Round "5.130"]
[White "Kim, Thiago"]
[Black "Predebon, Eduardo Angonesi"]
[Result "0-1"]
[WhiteElo "1508"]
[BlackElo "1825"]
[PlyCount "86"]
[EventDate "2019.01.21"]
[EventRounds "10"]
[EventCountry "BRA"]

1. e4 c6 2. Nc3 d5 3. Nf3 Bg4 4. exd5 cxd5 5. Bb5+ Nc6 6. h3 Bxf3 7. Qxf3 e6 8. O-O Nf6 9. d3 Qc7 10. Re1 Be7 11. Bf4 Qd8 12. Rad1 O-O 13. a3 Nd4 14. Qg3 Nh5 15. Qg4 Nxf4 16. Qxf4 Nxb5 17. Nxb5 Qa5 18. Nd4 Bf6 19. Nb3 Qb6 20. d4 Rac8 21. Qd2 Rc4 22. Re2 Rfc8 23. Qa5 Rxc2 24. Qxb6 axb6 25. Rdd2 R2c4 26. g4 Bg5 27. Rd1 Rc2 28. Rde1 Bf6 29. f4 h6 30. f5 exf5 31. gxf5 Bh4 32. Re8+ Rxe8 33. Rxe8+ Kh7 34. Rb8 Rxb2 35. Rxb7 Rxb3 36. Rxf7 Rxa3 37. Rd7 Ra5 38. Rd6 Rb5 39. Kg2 Bf6 40. Kf3 Bxd4 41. Kf4 Bf6 42. Kg4 d4 43. Kf3 Rxf5+ 0-1

[Event "V Floripa Chess Open 2019"]
[Site "Florianopolis/SC"]
[Date "2019.01.24"]
[Round "5.131"]
[White "Lima, Aine Carolina"]
[Black "De Freitas, Julio Eimard"]
[Result "0-1"]
[WhiteElo "1502"]
[BlackElo "1822"]
[PlyCount "89"]
[EventDate "2019.01.21"]
[EventRounds "10"]
[EventCountry "BRA"]

1. e4 c5 2. Nc3 Nc6 3. d3 g6 4. g3 Bg7 5. Bg2 Nf6 6. Be3 d6 7. h3 e5 8. Qd2 Nd4 9. Nge2 Qa5 10. O-O Be6 11. a3 Bxh3 12. Nxd4 cxd4 13. Bxh3 dxe3 14. Qxe3 O-O 15. Rae1 Qc5 16. Qxc5 dxc5 17. Kg2 Nh5 18. Bg4 Nf6 19. Bh3 Rad8 20. f3 Rd6 21. Nb5 Rb6 22. Nxa7 Rxb2 23. Bc8 Ne8 24. Rb1 Rxc2+ 25. Kg1 Nd6 26. Bxb7 c4 27. dxc4 Nxc4 28. Nb5 Rd8 29. Rbc1 Rdd2 30. Rxc2 Rxc2 31. Rf2 Nd2 32. Kg2 Bf8 33. Bd5 Bc5 34. Re2 Rb2 35. Bc6 Kf8 36. a4 Bb4 37. Bd5 Rb1 38. Nc7 Ba5 39. Na6 Ra1 40. Bc6 Ke7 41. Bb5 Kd6 42. Kf2 Bb6+ 43. Kg2 Rg1+ 44. Kh3 Nxf3 45. Rc2 0-1

[Event "V Floripa Chess Open 2019"]
[Site "Florianopolis/SC"]
[Date "2019.01.24"]
[Round "5.132"]
[White "Britez, G Jorge A"]
[Black "Seiffert, Gabriel Pamplona"]
[Result "1-0"]
[WhiteElo "1812"]
[BlackElo "1436"]
[PlyCount "95"]
[EventDate "2019.01.21"]
[EventRounds "10"]
[EventCountry "BRA"]

1. e4 e5 2. f4 exf4 3. Nf3 Nf6 4. d4 d5 5. e5 Nh5 6. Be2 g5 7. O-O Rg8 8. Kh1 g4 9. Ne1 Ng3+ 10. hxg3 fxg3 11. Rf6 Bg7 12. Bxg4 Bxf6 13. Bxc8 Qxc8 14. exf6 Qe6 15. Nf3 Qxf6 16. Qe1+ Qe7 17. Qxe7+ Kxe7 18. Nc3 c6 19. Bg5+ f6 20. Re1+ Kf7 21. Bf4 Nd7 22. Bd6 Rae8 23. Rxe8 Kxe8 24. Ne2 Kf7 25. Kg1 Ke6 26. Bxg3 f5 27. Ne5 Nxe5 28. dxe5 Rg4 29. Bf4 c5 30. g3 h5 31. Kf2 h4 32. gxh4 Rxh4 33. Kg2 b5 34. Kf3 d4 35. b4 cxb4 36. Nxd4+ Kd5 37. Nxf5 Rh3+ 38. Kg4 Ra3 39. Ne7+ Ke6 40. Nc6 Rxa2 41. Nd4+ Kf7 42. Kf5 Rxc2 43. Nxc2 b3 44. e6+ Ke8 45. Na3 b4 46. Nc4 a5 47. Kf6 a4 48. e7 1-0

[Event "V Floripa Chess Open 2019"]
[Site "Florianopolis/SC"]
[Date "2019.01.24"]
[Round "5.133"]
[White "Bail, Ellen Larissa"]
[Black "Nunes Dos Santos, Rafael"]
[Result "1-0"]
[WhiteElo "1803"]
[BlackElo "1350"]
[PlyCount "65"]
[EventDate "2019.01.21"]
[EventRounds "10"]
[EventCountry "BRA"]

1. Nf3 Nc6 2. d4 d5 3. c4 e6 4. a3 h6 5. Nc3 Nf6 6. Bf4 a6 7. e3 g5 8. Bg3 g4 9. Ne5 h5 10. h3 h4 11. hxg4 hxg3 12. Rxh8 gxf2+ 13. Kxf2 Nxe5 14. dxe5 Nd7 15. Qd4 Qg5 16. Rh5 Qg7 17. cxd5 Bc5 18. Qf4 Nb6 19. Ne4 Nxd5 20. Nf6+ Qxf6 21. Qxf6 Bxe3+ 22. Kf3 Nxf6 23. exf6 Bc5 24. Rxc5 c6 25. Rd1 Bd7 26. Rh5 O-O-O 27. Rh7 e5 28. Be2 Rf8 29. Bc4 Rd8 30. Kg3 Rg8 31. Rg7 Rh8 32. Bxf7 c5 33. Rg8+ 1-0

[Event "V Floripa Chess Open 2019"]
[Site "Florianopolis/SC"]
[Date "2019.01.24"]
[Round "5.135"]
[White "Machado, Luiz Fernando"]
[Black "Reis, Virginia Lagrange M"]
[Result "1/2-1/2"]
[WhiteElo "1446"]
[BlackElo "1788"]
[PlyCount "73"]
[EventDate "2019.01.21"]
[EventRounds "10"]
[EventCountry "BRA"]

1. e4 c5 2. Nf3 Nc6 3. d4 cxd4 4. Nxd4 g6 5. Be3 Bg7 6. Nc3 d6 7. Qd2 Nf6 8. f3 O-O 9. O-O-O Bd7 10. Nxc6 Bxc6 11. Bh6 Qa5 12. h4 Rfc8 13. Bxg7 Kxg7 14. g4 h5 15. Rg1 Qb6 16. Bd3 Rh8 17. g5 Nd7 18. f4 Nc5 19. f5 Nxd3+ 20. Qxd3 Qf2 21. Qd4+ Qxd4 22. Rxd4 Rad8 23. Ne2 d5 24. exd5 Rxd5 25. Rxd5 Bxd5 26. fxg6 fxg6 27. Nc3 Bc6 28. Re1 Re8 29. Ne4 e5 30. c4 Re7 31. b4 a6 32. Nc3 b5 33. Nd5 Bxd5 34. cxd5 e4 35. Kb2 e3 36. d6 Rd7 37. Rxe3 1/2-1/2